000 00634cam a2200181 4500500
005 20260322014834.0
041 _afre
042 _adc
100 1 0 _aBanégas, Frédéric
_eauthor
700 1 0 _aChabrand, Patrick
_eauthor
700 1 0 _aCombes, Christèle
_eauthor
700 1 0 _aLagarce, Frédéric
_eauthor
700 1 0 _aLemoine, Thierry
_eauthor
700 1 0 _aSalgues, Bruno
_eauthor
245 0 0 _aSanté numérique et connectée
260 _bTechniques de l'ingénieur,
_c2025.
856 4 1 _uhttps://stm.cairn.info/techniques-de-l-ingenieur-sante-numerique-et-connectee--42628210?lang=fr&redirect-ssocas=7080
999 _c1791701
_d1791701